000 00609nam a22001697a 4500
003 NUST
038 _aNusrat Nadeem
082 _a200
100 _aInam Ullah, Ehsan
_9128199
245 _aEnvironmental and Socio-Economic Impacts of Run-Of-The- River Ghazi Barotha Hydropower Project (GBHP) Located on Indus River, Pakistan/
_cEhsan Inam Ullah
264 _aIslamabad,
_bIESE NUST,
_c2024.
300 _a174,p;
_c30,cm.
650 _aPhD-Environmental Sciences
_9123809
700 _aSupervisor: Dr.Shakil Ahmad
_9128200
856 _uhttp://10.250.8.41:8080/xmlui/handle/123456789/49878
942 _2ddc
_cSC
999 _c613249
_d613249